000 00587cam a2200205ua 4500
001 2791
008 110908n ii |||gr||||Z||||||asm
040 _cMAIN
082 _a891.4512
100 _aRahbongshi, Paramananda,
245 1 1 _aAsomiya natya sahitya :
_bparampara aru paribartan /
_cby Paramananda Rajbongshi
250 _a1st.
260 _aGuahati:
_bPublication board assam,
_c2007.
300 _a144p:
_c23cm.
653 _aAssamese drama
653 _aAsomiya natya sahitya
700 1 _aIslam, Nosifa,
_eAuthor.
700 1 _aKherkatari, Karabi,
_eAuthor.
942 _cBK
999 _c2640
_d2640